| 000 | 01084nam a22003137a 4500 | ||
|---|---|---|---|
| 003 | CHAP | ||
| 005 | 20220817044359.0 | ||
| 008 | 101011s2009 mx r 00010 spa d | ||
| 010 | _a99405 | ||
| 011 | _a100377 | ||
| 035 | _a111063 | ||
| 040 | _cCHAP | ||
| 082 | 1 | 4 |
_a332.016 _bB47 |
| 245 | 0 | 0 |
_aBibliografía relacionada a finanzas populares microempresas y accesibilidad financiera en México _c/coordinado por Ursula Heimann...[et al.] |
| 260 |
_aMéxico, D. F. : _bFinanzgruppe Sparkassenstiftung fur Internationale Kooperation, e. V., _c2009 |
||
| 300 | _a203 p. | ||
| 590 |
_aBATCH-UPD _b10 _c20130110 _lUCH01 _h0936 |
||
| 590 |
_aBATCH-UPD _b10 _c20130410 _lUCH01 _h0553 |
||
| 590 |
_aBATCH-UPD _b10 _c20130914 _lUCH01 _h0254 |
||
| 590 |
_aCONVERSION _b10 _c20130109 _lUCH01 _h1355 |
||
| 650 | 1 | 4 |
_aAhorro e inversión. _93105 |
| 650 | 1 | 4 | _aCrédito. |
| 650 | 1 | 4 |
_aFinanzas _xEvaluación. _940940 |
| 650 | 1 | 4 |
_aMicroeconomía. _975508 |
| 700 | 1 |
_aHeimann, Ursula _953346 |
|
| 901 | _aBK | ||
| 942 | _cLIBRO | ||
| 949 |
_a332.016 B47 _bBC _cC _d33724002214090 _eC _h113606 _i111063 _sb |
||
| 999 |
_c99405 _d99405 |
||